000 00709nam a2200241Ia 4500
003 OSt
005 20220924130844.0
006 a|||||r|||| 00| 0
007 ta
008 220923b |||||||| |||| 00| 0 san d
024 _a76455
037 _cTextual
040 _aARTS
_cARTS
_bsan
041 _2san
_asan
082 _aR672x2,1,1, 15L4
100 _aVedantadesika
_982963
245 0 _aTattvatika
_b A commentary on Sribhashya and satooshani ed by Uttamur Viraghvacharya
260 _aUttamram
_bAnnanda Purattasi
_c1974
300 _a288p.
_ccm.
650 _aNAYA PHILOSOPHY
_95683
942 _hR672x2,1,1, 15L4
_cTEXL
_2CC
999 _c425451
_d425451